Biblioteca y Centro de Documentación

Vista normal Vista MARC

Entrada Nombre corporativo

Número de registros utilizados en: 2

001 - NÚMERO DE CONTROL

  • Campo de control: 40964

003 - IDENTIFICADOR DE NÚMERO DE CONTROL

  • Campo de control: ES-MaCES

005 - FECHA Y HORA DE LA ULTIMA MODIFICACION

  • Campo de control: 20240312132223.0

008 - ELEMENTOS DE DATOS DE LONGITUD FIJA

  • Campo de longitud fija: 220517|| azz||aabn | a|a d

040 ## - FUENTE DE LA CATALOGACIÓN

  • Agencia original de catalogación: ES-MaCES

110 2# - ENCABEZAMIENTO--NOMBRE CORPORATIVO

  • Nombre corporativo o de jurisdicción como elemento de entrada: Fundación ONCE
  • Unidad subordinada: Observatorio Estatal de la Soledad No Deseada

410 2# - TRAZADO VEÁSE--NOMBRE CORPORATIVO

  • Nombre corporativo o de jurisdicción como elemento de entrada: SoledadES

670 ## - FUENTE DE DATOS ENCONTRADOS

  • Información encontrada: https://www.soledades.es/
  • Fuente de citación: La soledad no deseada es un problema social que afecta cada vez a más personas en Europa y en España. Supone una fuente de sufrimiento, limita el derecho de participación en la sociedad y tiene consecuencias negativas en múltiples aspectos de la vida, generando costes sociales. La preocupación de Fundación ONCE por esta problemática ha dado lugar a la creación del Observatorio Estatal de la Soledad no Deseada (SoledadES)
© CES, Consejo Económico y Social de España 2021